Billie Eilish - Happier Than Ever (Pistes) - Statistiques

Statistiques générales
  • Ce quiz a été pris 30 fois
  • Le résultat moyen est 11 sur 16
Statistiques - réponses
Hint Réponse % Correct
15 Happier than Ever
100%
12 Your Power
77%
6 GOLDWING
69%
2 I Didn't Change My Number
69%
7 Lost Cause
69%
16 Male Fantasy
69%
13 NDA
69%
1 Getting Older
65%
8 Halley's Comet
65%
4 My future
65%
14 Therefore I Am
65%
3 Billie Bossa Nova
62%
9 Not My Responsibility
62%
10 OverHeated
62%
5 Oxytocin
50%
11 Everybody Dies
46%
Aucun quiz correspondant
Distribution des résultats
% des personnes avec chaque résultat
Percentile par nombre de réponses
Votre historique - résultats
Vous n’avez pas pris ce quiz